Normal view
MARC view
- Bovee, Courtland L ,Thill, John V
Entry Personal Name
001 - CONTROL NUMBER
- control field: 61231
003 - CONTROL NUMBER IDENTIFIER
- control field: NUST
005 - DATE AND TIME OF LATEST TRANSACTION
- control field: 20210628202721.0
008 - FIXED-LENGTH DATA ELEMENTS
- fixed length control field: 210628|| aca||aabn | a|a d
040 ## - CATALOGING SOURCE
- Original cataloging agency: NUST
- Transcribing agency: NUST
100 ## - HEADING--PERSONAL NAME
- Personal name: Bovee, Courtland L ,Thill, John V
670 ## - SOURCE DATA FOUND
- Source citation: Work cat.: (NUST): Bovee, Courtland L ,Thill, John V, Business communication today, 2007
